Excitations in organic solids /

The work provides a detailed and uniform treatment of the science and technology of light absorbing organic materials (used in nano-scale optical devices, LEDs, solar cells, flat screens, cell phones etc), which are increasingly investigated for use in mass market products.

Bibliographic Details
Main Author: Agranovich, V. M. (Vladimir Moiseevich), 1929-
Format: eBook
Language:English
Published: Oxford ; New York : Oxford University Press, 2009.
Series:International series of monographs on physics (Oxford, England) ; 142.
Subjects:
Online Access:Connect to the full text of this electronic book

MARC

Tag First Indicator Second Indicator Subfields
LEADER 00000cam a2200000 a 4500
001 in00005704321
005 20260318175019.2
006 m o d
007 cr |n|||||||||
008 090320s2009 enka ob 001 0 eng d
040 |a ZCU  |b eng  |e pn  |c ZCU  |d UBY  |d E7B  |d OCLCQ  |d OUN  |d OCLCQ  |d OCLCF  |d CDX  |d IDEBK  |d YDXCP  |d EBLCP  |d MHW  |d DEBSZ  |d N$T  |d LGG  |d CUS  |d HUH  |d OCLCQ  |d STBDS  |d OCLCQ  |d AU@  |d OCLCQ  |d YOU  |d OCLCQ  |d UCW  |d OCLCQ  |d OCLCO  |d OCLCQ  |d SFB  |d OCLCQ  |d OCLCO  |d OCLCL  |d CLOUD  |d OCLCQ  |d UKKRT  |d OCLCL  |d OCLCQ 
016 7 |a 014640539  |2 Uk 
019 |a 313651679  |a 316066436  |a 316277243  |a 539194531  |a 663423878  |a 756902428  |a 912933043  |a 1058483344  |a 1077938372  |a 1196344433 
020 |a 9780199234417  |q (hbk.) 
020 |a 0199234418  |q (hbk.) 
020 |a 0191552917  |q (electronic bk.) 
020 |a 9780191552915  |q (electronic bk.) 
024 8 |a 9786611978549 
035 |a (OCoLC)507119190  |z (OCoLC)313651679  |z (OCoLC)316066436  |z (OCoLC)316277243  |z (OCoLC)539194531  |z (OCoLC)663423878  |z (OCoLC)756902428  |z (OCoLC)912933043  |z (OCoLC)1058483344  |z (OCoLC)1077938372  |z (OCoLC)1196344433 
037 |a 197854  |b MIL 
050 4 |a QC176.8.E9  |b A37 2009 
050 4 |a QC176.8.E9 
070 |a QC176.8.E9  |b A37 2009 
072 7 |a SCI  |x 077000  |2 bisacsh 
082 0 4 |a 530.416  |2 22 
049 |a TXAM 
100 1 |a Agranovich, V. M.  |q (Vladimir Moiseevich),  |d 1929-  |1 https://id.oclc.org/worldcat/entity/E39PCjB9FRvyr97gPJCt8hCKbb 
210 1 0 |a Excitations in organic solids 
245 1 0 |a Excitations in organic solids /  |c Vladimir Agranovich. 
260 |a Oxford ;  |a New York :  |b Oxford University Press,  |c 2009. 
300 |a 1 online resource 
336 |a text  |b txt  |2 rdacontent 
337 |a computer  |b c  |2 rdamedia 
338 |a online resource  |b cr  |2 rdacarrier 
490 1 |a International series of monographs on physics ;  |v 142 
504 |a Includes bibliographical references (pages 455-483) and index. 
520 8 |a The work provides a detailed and uniform treatment of the science and technology of light absorbing organic materials (used in nano-scale optical devices, LEDs, solar cells, flat screens, cell phones etc), which are increasingly investigated for use in mass market products. 
505 0 |a 1 Introduction; 2 Frenkel excitonic states in the Heitler-London approximation; 2.1 Excitons in a molecular crystal with fixed molecules. Splitting of molecular terms in a crystal; 2.2 Frenkel, Coulomb, and mechanical excitons; 2.3 Application of group theory for the determination of polarization and selection rules for excitonic light absorption. Degeneracy of excitonic levels; 2.3.1 Winston theory; 2.3.2 Applications to crystals of naphthalene type; 2.3.3 Symmetry properties of Coulomb excitons; 2.4 Triplet excitons; 3 The second-quantized theory of Frenkel excitons. 
505 8 |a 3.1 Energy operator for a molecular crystal with fixed molecules in the second-quantization representation. Paulions and Bosons3.2 Excitonic states in the two-level model. Transition to the Heitler-London approximation; 3.2.1 Crystals with one molecule per unit cell; 3.2.2 Crystals with several molecules per unit cell; 3.3 Exciton states beyond the Heitler-London approximation; 3.3.1 Small corrections to Heitler-London approximation; 3.4 Exciton states in the presence of several molecular states (mixing of molecular configurations); 3.4.1 One molecule per unit cell. 
505 8 |a 3.4.2 Several molecules per unit cell3.5 Perturbation theory. A comparison with results obtained in the Heitler-London approximation; 3.6 Sum rules for the oscillator strengths of excitonic transitions and the hypochromatic effect; 3.7 Exciton-phonon interaction; 3.8 Spectra and mobility of self-trapped (ST) excitons; 3.8.1 Mechanism of self-trapping of Frenkel excitons; 3.8.2 Spectra and transport of self-trapped excitons; 3.8.3 Self-trapping barrier; 3.8.4 Self-trapping of charge-transfer excitons; 3.8.5 Self-trapping in one-dimensional structures. 
505 8 |a 3.9 Electron-vibrational excited states in molecular crystals3.10 Calculation of the exciton states in molecular crystals; 3.10.1 Anthracene and naphthalene; 3.10.2 Tetracene and pentacene; 3.11 Exact transformation from paulions to bosons; 3.12 Kinematic biexcitons; 4 Polaritons: Excitonic States Taking Account Of Retardation; 4.1 The crystal energy operator in the presence of a retarded interaction; 4.2 Dispersion of polaritons and refraction index of electromagnetic waves; 4.2.1 Operators of electric and magnetic fields; 4.3 Polariton mechanism of exciton luminescence. 
505 8 |a 4.4 The dielectric tensor and the phenomenology of longwavelength excitons4.5 Giant radiative width of small wavevector polaritons in one- and two-dimensional structures ("polariton superradiance"); 4.6 Effective radiative lifetime; 4.7 Concluding remarks; 5 Dielectric theory of Frenkel excitons: local field effects; 5.1 Introduction: the local field method; 5.2 Dielectric tensor of cubic crystals; 5.3 Effects of impurities; 5.4 Dielectric tensor of organic anisotropic crystals; 5.5 Dielectric constant of mixed crystalline solutions and polarization of impurity absorption bands. 
650 0 |a Exciton theory. 
650 0 |a Organic solid state chemistry. 
650 0 |a Nanostructured materials. 
650 2 |a Nanostructures 
650 6 |a Excitons. 
650 6 |a Chimie de l'état solide organique. 
650 6 |a Nanomatériaux. 
650 7 |a SCIENCE  |x Physics  |x Condensed Matter.  |2 bisacsh 
650 7 |a Exciton theory  |2 fast 
650 7 |a Nanostructured materials  |2 fast 
650 7 |a Organic solid state chemistry  |2 fast 
655 7 |a Electronic books.  |2 local 
758 |i has work:  |a Excitations in Organic Solids (Text)  |1 https://id.oclc.org/worldcat/entity/E39PCXM6c8TqPbXkq8p8hP4xwC  |4 https://id.oclc.org/worldcat/ontology/hasWork 
776 0 8 |i Print version:  |a Agranovich, V.M.  |t Excitations in organic solids.  |d Oxford ; New York : Oxford University Press, 2009  |z 9780199234417  |w (DLC) 2009277930  |w (OCoLC)228497910 
830 0 |a International series of monographs on physics (Oxford, England) ;  |v 142. 
856 4 0 |u http://proxy.library.tamu.edu/login?url=https://academic.oup.com/book/27412  |z Connect to the full text of this electronic book  |t 0 
936 |a BATCHLOAD 
955 |a Oxford Scholarship Online 
994 |a 92  |b TXA 
999 f f |i 9805251a-357b-427a-8e4f-208669aa9a3f  |s a21202e6-31ea-49fe-9454-eba014c49cd8  |t 0 
952 f f |a Texas A&M University  |b College Station  |c Electronic Resources  |s www_evans  |d Available Online  |t 0  |e QC176.8.E9 A37 2009  |h Library of Congress classification 
998 f f |a QC176.8.E9 A37 2009  |t 0  |l Available Online